[Event "George Foremann´s Game"]
[Site "http://www.queenalice.com/game.php?id=435685"]
[Date "2008.7.19"]
[Round "-"]
[White "lucasalex"]
[Black "reginaldo77"]
[Result "1-0"]
[WhiteElo "1863"]
[BlackElo "1100"]

1. e4 e5 2. Nf3 Nc6 3. Bc4 a6 4. Nc3 b5 5. Bb3 Nf6 6. d3 Bb7 7. Nd5 Nd4 8. Bg5
h6 9. Nxf6+ gxf6 10. Bh4 Nxf3+ 11. Qxf3 Bg7 12. Qh5 Qe7 13. Qg4 O-O-O 14. Qxg7
f5 15. Bxe7 Rdg8 16. Qxe5 Rxg2 17. Qxh8+ 1-0

[Event "Challenge"]
[Site "http://www.queenalice.com/game.php?id=437072"]
[Date "2008.7.22"]
[Round "-"]
[White "giraldes"]
[Black "reginaldo77"]
[Result "1-0"]
[WhiteElo "1233"]
[BlackElo "1032"]

1. d4 e5 2. dxe5 Nc6 3. Nf3 d6 4. Bg5 Be7 5. h4 dxe5 6. Qxd8+ Bxd8 7. Bxd8 Nxd8
8. Nxe5 Nf6 9. Nc3 Nc6 10. O-O-O Nxe5 11. Kb1 O-O 12. Nd5 Rd8 13. Ne7+ Kh8 14.
Rxd8+ Ng8 15. Rxg8# 1-0

[Event "Challenge"]
[Site "http://www.queenalice.com/game.php?id=440465"]
[Date "2008.7.29"]
[Round "-"]
[White "reginaldo77"]
[Black "RicardoFialho"]
[Result "1-0"]
[WhiteElo "1100"]
[BlackElo "1832"]

1. e4 c5 2. Nf3 Nc6 3. a3 d6 4. Nc3 e5 5. Bc4 Nf6 6. Ng5 Be6 7. Nxe6 fxe6 8.
Bxe6 Nd4 9. Bd5 Nxd5 10. Nxd5 Rc8 11. c3 Nc6 12. Qa4 Qg5 13. O-O Be7 14. b4 cxb4
15. d4 Qg4 16. f3 Qd7 17. axb4 Bf6 18. Be3 exd4 19. cxd4 Nxd4 20. Nxf6+ gxf6 21.
Bxd4 b5 22. Qa5 O-O 23. Qxa7 Rc7 24. Qa2+ Kh8 25. Qb2 Qg7 26. Ra6 Rd7 27. f4 Qh6
28. g3 Kg7 29. Qe2 Rb8 30. Qg4+ 1-0

[Event "Challenge"]
[Site "http://www.queenalice.com/game.php?id=441687"]
[Date "2008.7.31"]
[Round "-"]
[White "Aldino"]
[Black "reginaldo77"]
[Result "1-0"]
[WhiteElo "1719"]
[BlackElo "1100"]

1. e4 d5 2. e5 a6 3. d4 h6 4. Nc3 Bf5 5. Nf3 c6 6. Nh4 Qd7 7. Nxf5 Qxf5 8. Bd3
Qd7 9. Qf3 f6 10. Qh5+ Kd8 11. O-O e6 12. Bf4 c5 13. dxc5 Nc6 14. exf6 Nxf6 15.
Qe2 Bxc5 16. h3 g5 17. Be3 d4 18. Na4 dxe3 19. Nxc5 Qc7 20. Nxe6+ Kd7 21. Nxc7
Kxc7 22. Qxe3 Rae8 23. Qg3+ Kb6 24. Rfe1 Rd8 25. Re6 Nd5 26. Bc4 Nf4 27. Qe3+
Kc7 28. Rxc6+ bxc6 29. Qa7+ Kd6 30. Rd1+ Nd5 31. Qxa6 Ra8 32. Rxd5+ Kc7 33. Qxa8
Rxa8 34. Rf5 Ra4 35. Bb3 Re4 36. Rf6 h5 37. Rf5 Re1+ 38. Kh2 Rb1 39. Rxg5 Rxb2
40. Rxh5 Kb6 41. g4 1-0

[Event "Challenge"]
[Site "http://www.queenalice.com/game.php?id=442098"]
[Date "2008.8.1"]
[Round "-"]
[White "reginaldo77"]
[Black "lucasalex"]
[Result "0-1"]
[WhiteElo "1010"]
[BlackElo "1923"]

1. e4 b6 2. Nc3 Bb7 3. Nf3 e6 4. a3 g6 5. Ng5 Qxg5 6. d4 Qd8 7. d5 exd5 8. exd5
d6 9. Bb5+ c6 10. dxc6 Nxc6 11. O-O Bg7 12. Bf4 Ne7 13. Bxd6 O-O 14. Re1 Re8 15.
Nd5 Nxd5 16. Qxd5 Qd7 17. Rad1 Rxe1+ 18. Rxe1 Bf8 19. Bxc6 Bxc6 20. Re7 Bxe7 21.
Qxf7+ Kxf7 22. Bxe7 Qd1# 0-1

[Event "Challenge"]
[Site "http://www.queenalice.com/game.php?id=459197"]
[Date "2008.9.6"]
[Round "-"]
[White "Drica"]
[Black "reginaldo77"]
[Result "0-1"]
[WhiteElo "1568"]
[BlackElo "1032"]

1. e4 d5 2. Qf3 Nf6 3. e5 Ng4 4. d4 Nc6 5. c3 f6 6. h3 Nh6 7. Bf4 fxe5 8. dxe5
d4 9. Na3 Nf5 10. Nb5 dxc3 11. Nxc3 a6 12. g4 Nfd4 13. Qd5 Nc2+ 14. Ke2 N6d4+
15. Kd3 Qxd5 16. Nxd5 Nxa1 17. Kxd4 b5 18. e6 Bb7 19. Nxc7+ Kd8 20. Nxa8 Bxh1
21. Bc7+ Kc8 22. g5 Bxa8 23. Be5 Nc2+ 24. Kc5 h6 25. gxh6 Rxh6 26. Nf3 Rxe6 27.
Ng5 Rxe5+ 28. Kb6 Rxg5 29. Kxa6 Nb4+ 0-1

[Event "Serpd/Deca II"]
[Site "http://www.queenalice.com/game.php?id=459222"]
[Date "2008.9.6"]
[Round "1"]
[White "reginaldo77"]
[Black "lucasalex"]
[Result "0-1"]
[WhiteElo "1049"]
[BlackElo "1974"]

1. e4 Nf6 2. e5 Nd5 3. d4 d6 4. Nf3 Bg4 5. Be2 c6 6. O-O g6 7. h3 Bf5 8. Nh4 Be6
9. b3 dxe5 10. c4 Nb6 11. dxe5 N8d7 12. a4 a5 13. Bg4 Bxg4 14. Qxg4 e6 15. Nc3
Bg7 16. Ne4 Bxe5 17. Bg5 Qc7 18. Rad1 f5 19. Nf6+ Nxf6 20. Qe2 Ne4 21. f4 Bd6
22. Qb2 Kf7 23. Nf3 Bc5+ 24. Kh2 Nxg5 25. Ne5+ Ke7 26. fxg5 Bd6 27. Rfe1 Nd7 28.
Kh1 Bxe5 29. Qd2 Rad8 30. Qa2 c5 31. b4 axb4 32. a5 Qc6 33. Re2 h6 34. Qd2 Bd4
35. gxh6 Nf6 36. Qg5 Kf7 37. Rde1 e5 38. Kh2 b3 39. g4 Rh7 40. gxf5 gxf5 41. Rg2
Rg8 42. Qxg8+ Nxg8 43. Rg7+ Rxg7 44. hxg7 Kxg7 45. Ra1 Bxa1 46. a6 bxa6 47. h4
Qf3 48. h5 Kh6 49. Kg1 b2 0-1

[Event "Challenge"]
[Site "http://www.queenalice.com/game.php?id=460112"]
[Date "2008.9.8"]
[Round "-"]
[White "reginaldo77"]
[Black "Aldino"]
[Result "0-1"]
[WhiteElo "1010"]
[BlackElo "1791"]

1. d4 d5 2. h3 Nf6 3. Nc3 e6 4. a3 a6 5. Na4 b5 6. Nc5 Nfd7 7. Nf3 Nxc5 8. dxc5
Bxc5 9. Be3 Bxe3 10. fxe3 O-O 11. Qd3 h6 12. g4 Qf6 13. O-O-O c6 14. Qd4 Nd7 15.
h4 Qxd4 16. exd4 Nf6 17. g5 Ng4 18. Rg1 Ne3 19. Re1 h5 20. Rg3 Nf5 21. Rg1 g6
22. Ne5 Nxd4 23. e4 c5 24. c3 Nb3+ 25. Kd1 d4 26. c4 b4 27. axb4 cxb4 28. Nd3
Rb8 29. e5 Bd7 30. Nf4 Ba4 31. Ke2 Rbc8 32. Bh3 Bd7 33. Kf2 Rxc4 34. Nxh5 gxh5
35. g6 Rc2+ 36. Kf1 Bb5+ 0-1

[Event "Challenge"]
[Site "http://www.queenalice.com/game.php?id=460594"]
[Date "2008.9.9"]
[Round "-"]
[White "stephancharette"]
[Black "reginaldo77"]
[Result "1-0"]
[WhiteElo "1353"]
[BlackElo "1010"]

1. Nf3 d5 2. d4 Nc6 3. Nc3 Bf5 4. a3 h6 5. e3 a6 6. Bd3 Qd7 7. O-O Nf6 8. Qe2
O-O-O 9. Nh4 Bg4 10. f3 Bh5 11. Bd2 e5 12. dxe5 Nxe5 13. h3 Be7 14. Bf5 Bxf3 15.
Rxf3 Nxf3+ 16. Qxf3 Qxf5 17. Qxf5+ Rd7 18. Nf3 g6 19. Qe5 g5 20. Re1 g4 21. hxg4
Rg8 22. g5 Ng4 23. Qf5 Rxg5 24. Nxg5 hxg5 25. Qxg4 f5 26. Qxf5 b5 27. Nxd5 c5
28. Nxe7+ Kd8 29. Qxd7+ Kxd7 30. Nd5 c4 31. Rf1 Ke6 32. e4 Ke5 33. Re1 g4 34.
Bc3+ Ke6 35. b4 g3 36. Rd1 Kf7 37. Bb2 Kg6 38. e5 Kf5 39. Re1 Ke6 40. Nc7+ Kd7
41. Nxa6 1-0

[Event "Challenge"]
[Site "http://www.queenalice.com/game.php?id=464580"]
[Date "2008.9.17"]
[Round "-"]
[White "reginaldo77"]
[Black "giraldes"]
[Result "1-0"]
[WhiteElo "1005"]
[BlackElo "1264"]

1. e4 Nc6 2. d4 d5 3. e5 e6 4. a3 Nge7 5. Nh3 Nf5 6. Bg5 Be7 7. c4 Ncxd4 8. Nc3
f6 9. exf6 gxf6 10. Bf4 Bd7 11. cxd5 Bd6 12. Qg4 Nc2+ 13. Kd2 Nxa1 14. Qh5+ Ke7
15. dxe6 Nb3+ 16. Ke1 Nfd4 17. Qf7# 1-0

[Event "Challenge"]
[Site "http://www.queenalice.com/game.php?id=466110"]
[Date "2008.9.20"]
[Round "-"]
[White "reginaldo77"]
[Black "tomaz"]
[Result "0-1"]
[WhiteElo "1005"]
[BlackElo "1791"]

1. e4 e5 2. d4 exd4 3. Qxd4 Nc6 4. Qd5 Nf6 5. Qf5 d5 6. Qg5 h6 7. Qf4 Bd6 8. Qe3
O-O 9. exd5 Re8 10. Qxe8+ Qxe8+ 11. Be2 Nxd5 12. h3 Nd4 13. Nc3 Nxc3 14. bxc3
Nxc2+ 15. Kf1 Nxa1 16. Nf3 Nc2 17. Nd4 Nxd4 18. cxd4 Be6 19. a4 Qxa4 20. g4 Bc4
21. Bxc4 Qxc4+ 22. Kg2 Qxd4 23. Be3 Qe4+ 24. Kg1 Rd8 0-1

[Event "Challenge"]
[Site "http://www.queenalice.com/game.php?id=466111"]
[Date "2008.9.20"]
[Round "-"]
[White "tomaz"]
[Black "reginaldo77"]
[Result "1-0"]
[WhiteElo "1887"]
[BlackElo "1005"]

1. e4 d5 2. e5 a6 3. d4 h6 4. Nf3 Nc6 5. Bd3 g6 6. O-O Bf5 7. h3 e6 8. a3 f6 9.
Re1 b5 10. b4 Bg7 11. Bxf5 exf5 12. exf6+ Kf7 13. fxg7 Kxg7 14. Nc3 Nf6 15. Ne2
Re8 16. Nf4 g5 17. Ne6+ Rxe6 18. Rxe6 Qd7 19. Qe1 Re8 20. Rxe8 Nxe8 21. Ne5 Qd6
22. Nxc6 Qxc6 23. Qe5+ Kg6 24. f4 Qxc2 25. Qxe8+ Kh7 26. Qf7+ Kh8 27. fxg5 Qc3
28. Qf8+ Kh7 29. Qxf5+ Kh8 30. Qf6+ Kg8 31. gxh6 Qe1+ 32. Kh2 Qe4 33. Qg7# 1-0

[Event "Projeto MÃE PAULISTANA"]
[Site "http://www.queenalice.com/game.php?id=471510"]
[Date "2008.10.2"]
[Round "-"]
[White "reginaldo77"]
[Black "polly"]
[Result "1-0"]
[WhiteElo "1049"]
[BlackElo "1290"]

1. e4 e5 2. Nc3 Nf6 3. Nf3 Nc6 4. a3 Bc5 5. d4 Nxd4 6. Nxe5 O-O 7. b4 Bb6 8. Bd3
Ne6 9. Ng4 Nxg4 10. Qxg4 Nd4 11. e5 d6 12. Qh5 h6 13. Bxh6 Bf5 14. Bxf5 Nxf5 15.
Qxf5 gxh6 16. Ne4 Qe7 17. Nf6+ Qxf6 18. exf6 Rfe8+ 19. Kd2 Bd4 20. Qg4+ Kf8 21.
Qg7# 1-0

[Event "XEQUE MATE"]
[Site "http://www.queenalice.com/game.php?id=480038"]
[Date "2008.10.20"]
[Round "1"]
[White "reginaldo77"]
[Black "Dayanamatos"]
[Result "1-0"]
[WhiteElo "1087"]
[BlackElo "1043"]

1. d4 e6 2. Nf3 Nf6 3. a3 Bd6 4. Nc3 O-O 5. e4 Nc6 6. e5 Nxd4 7. exf6 gxf6 8.
Qxd4 e5 9. Qg4+ Kh8 10. Bh6 Rg8 11. Qf5 Rg6 12. Bd3 Rxh6 13. O-O-O b5 14. h4 Bc5
15. Qe4 Rb8 16. g4 Bxf2 17. g5 Bb7 18. Qf5 fxg5 19. hxg5 Rxh1 20. Rxh1 Bxf3 21.
Qxh7# 1-0

[Event "Challenge"]
[Site "http://www.queenalice.com/game.php?id=487573"]
[Date "2008.11.4"]
[Round "-"]
[White "giraldes"]
[Black "reginaldo77"]
[Result "0-1"]
[WhiteElo "1464"]
[BlackElo "1121"]

1. e4 d5 2. e5 a6 3. d4 h6 4. Nc3 Bf5 5. h3 e6 6. a3 c5 7. Nce2 Nc6 8. Be3 Qb6
9. b3 cxd4 10. Nxd4 Bc5 11. Ngf3 Qc7 12. b4 Ba7 13. Be2 Nge7 14. Qd2 O-O 15. g4
Be4 16. O-O-O Nxe5 17. Rhe1 Nc4 18. Bxc4 Qxc4 19. Ne5 Qa2 20. Qc3 Rac8 21. Qb2
Qxb2+ 22. Kxb2 f6 23. Nd7 Rfd8 24. Nc5 e5 25. Nde6 Rd6 26. c3 b6 27. Nxa6 Rxe6
28. b5 Rc4 29. Nb4 Bf3 30. Rd2 d4 31. cxd4 Bb8 32. d5 Rd6 33. Rd3 Nxd5 34. Nxd5
Rxd5 35. Rxd5 Bxd5 36. Bxb6 Be4 37. Be3 Kh7 38. Rc1 Rxc1 39. Kxc1 g5 40. b6 Bg2
41. a4 Bxh3 42. a5 Bxg4 43. b7 Be2 44. Kd2 Ba6 45. Bc5 h5 46. Be7 Kg6 47. f3 f5
48. Ke3 f4+ 49. Ke4 Bxb7+ 50. Kd3 h4 51. Ke2 Ba7 52. Bb4 h3 53. Kf1 h2 54. Kg2
Bg1 55. Bc3 Kf5 56. Be1 g4 57. Bf2 Bxf3+ 58. Kf1 h1=Q 59. Bxg1 g3 60. a6 g2+ 61.
Kf2 Qh4+ 62. Kxf3 Qg3+ 63. Ke2 Kg4 64. a7 Qf3+ 65. Ke1 Qe4+ 66. Kf2 f3 67. Bh2
Qe2+ 68. Kg1 Qf1# 0-1

[Event "Corinthians!"]
[Site "http://www.queenalice.com/game.php?id=498046"]
[Date "2008.11.25"]
[Round "1"]
[White "reginaldo77"]
[Black "oentusiasta"]
[Result "1-0"]
[WhiteElo "1122"]
[BlackElo "1686"]

1. e4 c5 2. Bc4 d6 3. h3 Nf6 4. Nc3 e6 5. d4 Nc6 6. d5 exd5 7. exd5 Qe7+ 8. Nge2
g6 9. dxc6 bxc6 10. Bf4 Ne4 11. O-O Nxc3 12. Nxc3 Bf5 13. Re1 Be6 14. Bb3 Qf6
15. Qd2 Be7 16. Ne4 d5 17. Nxf6+ Bxf6 18. Qa5 O-O 19. Qxc5 Bxb2 20. Rab1 Bf6 21.
Ba4 d4 22. Rb7 Bxa2 23. Qxc6 Rfd8 24. Qxf6 1-0

[Event "Serpd/Deca II"]
[Site "http://www.queenalice.com/game.php?id=522357"]
[Date "2009.1.14"]
[Round "3"]
[White "ziul"]
[Black "reginaldo77"]
[Result "1-0"]
[WhiteElo "1379"]
[BlackElo "1155"]

1. d4 d5 2. Bf4 Bf5 3. e3 a6 4. Nc3 Nc6 5. Bd3 Qd7 6. Bxf5 Qxf5 7. Nge2 Nf6 8.
Ng3 Qg6 9. Bxc7 Nb4 10. e4 Rc8 11. Ba5 Nc6 12. Bb6 e6 13. e5 Nd7 14. Na4 Ne7 15.
c3 Nf5 16. Nxf5 Qxg2 17. Ng3 Be7 18. Qg4 Qxh1+ 19. Nxh1 O-O 20. O-O-O h6 21. Rg1
Bg5+ 22. f4 f5 23. Qh5 Bxf4+ 24. Kc2 Rc4 25. Qh4 Rxa4 26. Qxf4 Nxb6 27. Qxh6 Kf7
28. Rxg7+ Ke8 29. Qxe6+ Kd8 30. Qe7+ Kc8 31. Qxf8# 1-0

[Event "XEQUE MATE"]
[Site "http://www.queenalice.com/game.php?id=526317"]
[Date "2009.1.21"]
[Round "2"]
[White "josealexandreschultz"]
[Black "reginaldo77"]
[Result "1-0"]
[WhiteElo "1654"]
[BlackElo "1148"]

1. e4 e5 2. Nf3 Qe7 3. Bc4 Nf6 4. Nc3 Nc6 5. O-O a6 6. Re1 Qd6 7. Nd5 Na5 8.
Nxf6+ Qxf6 9. Bf1 b5 10. g3 Bb7 11. d3 d5 12. Bg2 Rd8 13. Nd2 Bc5 14. Nf3 h6 15.
c3 dxe4 16. Nd2 Rxd3 17. Rf1 h5 18. b4 Bb6 19. bxa5 Bxa5 20. Qe2 Bxc3 21. Rb1 h4
22. Bxe4 Bxe4 23. Nxe4 Rf3 24. Bg5 Qf5 25. Rbd1 hxg3 26. Rd8# 1-0

[Event "Corinthians!"]
[Site "http://www.queenalice.com/game.php?id=535819"]
[Date "2009.2.6"]
[Round "2"]
[White "lucasalex"]
[Black "reginaldo77"]
[Result "1-0"]
[WhiteElo "1945"]
[BlackElo "1148"]

1. e4 e6 2. d4 d5 3. Nc3 h6 4. exd5 exd5 5. Bf4 Bf5 6. Bd3 Qd7 7. Nf3 a6 8. O-O
Nf6 9. Re1+ Be7 10. Bxf5 Qxf5 11. Bxc7 Nc6 12. Bd6 O-O 13. Bxe7 Nxe7 14. Rxe7 g5
15. Qd2 Kg7 16. Re5 Qf4 17. Qxf4 gxf4 18. Nxd5 Rae8 19. Nxf6 Kxf6 20. Rae1 Re6
21. Rxe6+ fxe6 22. Ne5 1-0